| 000 | 00445nam a2200169Ia 4500 | ||
|---|---|---|---|
| 008 | 130318s9999 xx 000 0 und d | ||
| 020 | _a8178000180 | ||
| 082 | _a910.285 ANJ/R | ||
| 100 | _aAnji Reddy, M | ||
| 245 | _aRemote sensing and Geographical Information Systems | ||
| 250 | _a2 | ||
| 260 |
_bBS Publication _aHyderabad _c2001 |
||
| 300 | _a418 | ||
| 650 | _aGEOGRAPHICAL INFORMATION SYSTEMS | ||
| 650 | _aGIS | ||
| 650 | _aREMOTE SENSING | ||
| 999 |
_c894 _d894 |
||